| 000 -LEADER |
| fixed length control field |
00914mam a2200253 a 4500 |
| 005 - DATE AND TIME OF LATEST TRANSACTION |
| control field |
20131016051958.0 |
| 008 - FIXED-LENGTH DATA ELEMENTS--GENERAL INFORMATION |
| fixed length control field |
920302s1997 mauab b 001 0 eng d |
| 020 ## - INTERNATIONAL STANDARD BOOK NUMBER |
| International Standard Book Number |
0669416185 |
| 041 0# - LANGUAGE CODE |
| Language code of text/sound track or separate title |
eng |
| 080 ## - UNIVERSAL DECIMAL CLASSIFICATION NUMBER |
| Universal Decimal Classification number |
32 |
| Common auxiliary subdivision |
(47) |
| 100 1# - Rafti |
| Rafti |
DeBardeleben, Joan. |
| 245 10 - TITLE STATEMENT |
| Title |
Russian politics in transition / |
| Statement of responsibility, etc |
Joan DeBardeleben. |
| 250 ## - |
| -- |
2nd ed. |
| 260 ## - |
| -- |
Boston : |
| -- |
Houghton Mifflin, |
| -- |
c1997. |
| 300 ## - |
| -- |
xi, 290 p. : |
| -- |
ill., maps ; |
| -- |
24 cm. |
| 500 ## - |
| -- |
Preface f. : IX - XI |
| 504 ## - BIBLIOGRAPHY, ETC. NOTE |
| Bibliography, etc |
Includes bibliographical references (p. 267-269) and index. |
| 650 #0 - |
| -- |
Politika botërore |
| -- |
Politika dhe qeveria |
| -- |
1917 - 1992 |
| -- |
Rusia |
| 651 #0 - |
| -- |
Russia (Federation) |
| -- |
Politics and government |
| -- |
1991- |
| 651 #0 - |
| -- |
Russia |
| -- |
Politics and government |
| -- |
1894-1917. |
| 651 #0 - |
| -- |
Soviet Union |
| -- |
Politics and government |
| -- |
1985-1991. |
| 700 1# - |
| -- |
DeBardeleben, Joan. |
| -- |
Soviet politics in transition. |
| 942 ## - ADDED ENTRY ELEMENTS (KOHA) |
| Source of classification or shelving scheme |
|
| Item type |
Books |